| 000 | 00648nam a22002297a 4500 | ||
|---|---|---|---|
| 003 | UA-OsUOA | ||
| 001 | 91308 | ||
| 007 | ta | ||
| 008 | 20121127b un ||||| |||| 00| 0 ukr d | ||
| 100 | _aРодаченко І. | ||
| 090 |
_a821.161.2 _bР60 |
||
| 942 | _cBK | ||
| 040 |
_aUA-OsUOA _bukr _cUA-OsUOA _dUA-OsUOA |
||
| 245 |
_aМандрівки Василя Барського _bдокументальна повість |
||
| 300 | _a183 с. | ||
| 955 | _a3 | ||
| 041 | _aukr | ||
| 080 | _a821.161.2 | ||
| 260 |
_aК. _bМолодь _c1967 |
||
| 650 | 7 |
_a82 Література. Літературознавство _2UDC |
|
| 999 |
_c377471 _d377471 |
||